Lecciones de cosmografía o elementos de astronomía (Registro nro. 85619)

Detalles MARC
000 -ENCABEZADO
Número de control [NR] 01082nam a22003137a 4500
008 - DE LONGITUD FIJA DE DATOS DE ELEMENTOS - INFORMACIÓN GENERAL
Elementos de longitud fija [NR] 130821s1913 fr gr spa
040 ## - FUENTE DE CATALOGACION [NR]
Agencia de catalogación original [NR] Co-BoUCM
Idioma de catalogación [NR] spa
041 00 - CODIGO DE IDIOMA [R]
Código de idioma para texto/pista de sonido o título separado [R] Español
092 ## - SIGNATURA TOPOGRAFICA LOCAL
Número de clasificación local FN 000221 5a. ed
100 ## - ASIENTO PRINCIPAL--NOMBRE PERSONAL [NR]
Nombre personal [NR] Briot, Charles
ID Autoridad 149393
245 00 - MENCION DE TITULO [NR]
Título [NR] Lecciones de cosmografía o elementos de astronomía
Mención de responsabilidad, etc. [NR] Por Charles Briot, traducción castellana de Lorenzo Elízada
250 ## - MENCION DE EDICION [NR]
Mención de edición [NR] 5a. ed
260 ## - PUBLICACION, DISTRIBUCION, ETC. (PIE DE IMPRENTA) [R]
Lugar de publicación, distribución, etc. [R] París (Francia)
Nombre del editor, distribuidor, etc. [R] Libreria de la Vda. de C. Bouret
Fecha de publicación, distribución, etc. [R] 1913
300 ## - DESCRIPCION FISICA [R]
Extensión [R] 395 páginas
490 ## - MENCION DE SERIE [R]
Mención de serie [R] Curso Elemental de Estudios Científicos
500 ## - NOTA GENERAL [R]
Nota general [NR] Incluye índice. -- Este libro se encuentra en el depósito de la biblioteca
650 04 - ASIENTO SECUNDARIO DE MATERIA - TERMINO TEMATICO [R]
Término temático o nombre geográfico como elemento de entrada [NR] Astronomía
9 (RLIN) 9691
650 04 - ASIENTO SECUNDARIO DE MATERIA - TERMINO TEMATICO [R]
Término temático o nombre geográfico como elemento de entrada [NR] Astronomía
Subdivisión de forma [R] Observaciones
9 (RLIN) 9691
650 04 - ASIENTO SECUNDARIO DE MATERIA - TERMINO TEMATICO [R]
Término temático o nombre geográfico como elemento de entrada [NR] Cosmografía
9 (RLIN) 12047
650 04 - ASIENTO SECUNDARIO DE MATERIA - TERMINO TEMATICO [R]
Término temático o nombre geográfico como elemento de entrada [NR] Cosmografía
Subdivisión de forma [R] Observaciones
9 (RLIN) 12047
650 04 - ASIENTO SECUNDARIO DE MATERIA - TERMINO TEMATICO [R]
Término temático o nombre geográfico como elemento de entrada [NR] Estrellas
9 (RLIN) 15127
650 04 - ASIENTO SECUNDARIO DE MATERIA - TERMINO TEMATICO [R]
Término temático o nombre geográfico como elemento de entrada [NR] Luna
9 (RLIN) 18827
650 04 - ASIENTO SECUNDARIO DE MATERIA - TERMINO TEMATICO [R]
Término temático o nombre geográfico como elemento de entrada [NR] Planetas
9 (RLIN) 21634
650 04 - ASIENTO SECUNDARIO DE MATERIA - TERMINO TEMATICO [R]
Término temático o nombre geográfico como elemento de entrada [NR] Sol
9 (RLIN) 24829
650 04 - ASIENTO SECUNDARIO DE MATERIA - TERMINO TEMATICO [R]
Término temático o nombre geográfico como elemento de entrada [NR] Vía láctea
9 (RLIN) 26177
651 ## - ASIENTO SECUNDARIO DE MATERIA - NOMBRE GEOGRAFICO [R]
Nombre geográfico [NR] Observaciones
9 (RLIN) 27177
700 ## - ASIENTO SECUNDARIO - NOMBRE PERSONAL [R]
Nombre personal [NR] Elízaga, Lorenzo.
Término de relación [R]
9 (RLIN) 149394
942 ## - ELEMENTOS DE ENTRADA AGREGADOS (KOHA)
Tipo de ítem principal el descrito en 300a Libro
Tema principal [No clasificado]
Edición 5
Título oculto en OPAC No
Existencias
Signatura topográfica Código de barras Última vez visto Volúmen / Fascículo Ejemplar Price effective from Tipo de ítem Perdido Sistema de clasificación Dañado No prestable Tipo de ítem específico Suprimido Ubicación habitual Ubicación actual Localización Fecha de creación Forma de adquisición Costo
~ 120055740 28/06/2012 FN 000221 5a. Ed. Ej.1 03/02/2013 Libro   LOCAL     Fondos especiales     Archivo Histórico Archivo histórico 28/02/2003 Donación 10000.00